| 000 | 00437nam a2200169 4500 | ||
|---|---|---|---|
| 001 | 110076 | ||
| 003 | ES-MaACL | ||
| 005 | 20230906184954.0 | ||
| 007 | t| | ||
| 008 | 061121s1970 sp r ||||1| spa d | ||
| 100 | 1 |
_aOca Merino, Miguel. _986433 |
|
| 245 | 1 | 3 |
_aEl contrato / _cMiguel Oca Merino. |
| 250 | _a1ยช. ed. | ||
| 260 |
_aBarcelona : _bPicazo, _c1970. |
||
| 300 |
_a192 p. ; _c18 cm. |
||
| 852 |
_aES-MaACL _jC-40681 _bR.73041 |
||
| 999 |
_c110076 _d110076 |
||